000 00607nam a2200145Ia 4500
008 140724s9999 xx 000 0 und d
050 _aLB 1029.R4
_b.Or68 2011
100 _aOrgasan, Joana Marie Y.
245 _aAnalysis of the competence of the teachers at integrated communities learning center based on the national joint committee on Learning Disabilities Standards /
_cJoana Marie Y. Orgasan.
260 _aLas PiƱas, Philippines :
_bSouthville International School and Colleges,
_cc2011.
300 _a44 p. :
_bcol. Ill. ;
_c28 cm.
521 _aSpecial Education
942 _cTH
999 _c228983
_d228983